=LDR 00000nam 2200000 4500 =001 INLIS000000000062264 =005 20230718094709 =035 ##$$a 0010-0723000002 =007 ta =008 230718################g##########0#ind## =100 #$$a Arief Risman =245 ##$$a Komunikasi elegan untuk meraih sukses /$c Arief Risman; editor, Hisar Marthin =250 ##$$a Cetakan I, September 2018 =300 ##$$a x, 166 halaman : $b Ilustrasi ; $c 20 cm =020 ##$$a 978-602-5829-02-4 =041 ##$$a ind =082 ##$$a 302.2 =084 ##$$a 302.2 ARI k =264 ##$$a Bandung :$b Satu Nusa,$c 2018 =336 ##$$a teks$2 rdacontent =337 ##$$a tanpa perantara$2 rdamedia =338 ##$$a volume$2 rdacarrier =504 ##$$a Bibliografi: halaman 161 =600 #$$a Hisar Marthin$e editor =650 #4$$a Komunikasi =990 ##$$a 5202300427